Povestiri de dragoste. (Record no. 66560)
[ view plain ]
| 000 -LEADER | |
|---|---|
| fixed length control field | 00528cam4a220018100 4500 |
| 001 - CONTROL NUMBER | |
| control field | tmp15497166 |
| 003 - CONTROL NUMBER IDENTIFIER | |
| control field | UPRA |
| 005 - DATE AND TIME OF LATEST TRANSACTION | |
| control field | 20190815104515.0 |
| 008 - FIXED-LENGTH DATA ELEMENTS--GENERAL INFORMATION | |
| fixed length control field | 950829s1970 rm rum u |
| 035 ## - SYSTEM CONTROL NUMBER | |
| System control number | (Sirsi) r121362 |
| 035 ## - SYSTEM CONTROL NUMBER | |
| System control number | (UPRA)tmp15497166 |
| 040 ## - CATALOGING SOURCE | |
| Transcribing agency | UPRA |
| 100 1# - MAIN ENTRY--PERSONAL NAME | |
| Personal name | Sadoveanu, Mihail, 1880-1961. |
| Dates associated with a name | Sadoveanu, Mihail, 1880-1961. |
| Linkage | A88623.1 |
| 245 10 - TITLE STATEMENT | |
| Title | Povestiri de dragoste. |
| 260 ## - PUBLICATION, DISTRIBUTION, ETC. | |
| Place of publication, distribution, etc. | [Bucuresti] : |
| Name of publisher, distributor, etc. | Cartea romaneasca, |
| Date of publication, distribution, etc. | 1970. |
| 949 ## - LOCAL PROCESSING INFORMATION (OCLC) | |
| a | PC839.53 |
| w | lcc |
| i | -174446 |
| m | MAIN |
| t | BOOK |
| l | ON-SHELF |
No items available.